| 000 | 00685nam a2200253Ia 4500 | ||
|---|---|---|---|
| 003 | GCL | ||
| 008 | 140319s9999 xx 000 0 ara d | ||
| 040 |
_aGCL / _cGCL |
||
| 082 | 0 | 4 |
_a701.18 _bف ت |
| 100 | 1 | _aفؤاد كامل | |
| 245 | 1 | 0 |
_aتأملات فى الفن / _cفؤاد كامل |
| 260 |
_a[S.N] : _bدار المعارف |
||
| 300 | _a118 ص | ||
| 490 | _a | ||
| 650 | 0 | 4 | _aالتجريدية |
| 650 | 0 | 4 | _aالفنانون |
| 650 | 0 | 4 | _aالفن |
| 650 | 0 | 4 | _aالفنون |
| 650 | 0 | 4 | _aالفن الحديث |
| 650 | 0 | 4 | _aالفن المصرى |
| 650 | 0 | 4 | _aالفنون التجريدية |
| 650 | 0 | 4 | _aاللوحات المجرده |
| 942 |
_2ddc _cBK |
||
| 999 |
_c29499 _d29499 |
||